|
|
|
|
| LEADER |
02292nam a22004812a 4500 |
| 001 |
000194841 |
| 003 |
CZ BrMZK |
| 005 |
20171128073225.0 |
| 008 |
950101s1962 xr f cze d |
| 015 |
|
|
|a cnb000518624
|
| 020 |
|
|
|q (Brož.) :
|c Kčs 5,40
|
| 035 |
|
|
|a (OCoLC)85338817
|
| 040 |
|
|
|a ABA001
|b cze
|c LIA001
|d ABA001
|d BOA001
|
| 072 |
|
7 |
|a 904
|x Kulturní památky historického období obecně
|2 Konspekt
|9 8
|
| 080 |
|
|
|a 904
|2 MRF
|
| 080 |
|
|
|a 711.4.025.3/.4
|2 MRF
|
| 080 |
|
|
|a 728.82
|2 MRF
|
| 080 |
|
|
|a (036)
|2 MRF
|
| 100 |
1 |
|
|a Pavel, Jakub,
|d 1903-1974
|7 jk01092020
|4 aut
|
| 245 |
1 |
0 |
|a Nové Město nad Metují :
|b městská památková rezervace, státní zámek a památky v okolí /
|c [napsal Jakub Pavel ; spolupracoval Stanislav Brandejs a Jan Juránek]
|
| 246 |
1 |
4 |
|a Nové Město n. Met.
|
| 250 |
|
|
|a 1. vyd.
|
| 260 |
|
|
|a Praha :
|b Sportovní a turistické nakladatelství,
|c 1962
|
| 300 |
|
|
|a 50 s. :
|b il., 1 mapa ;
|c 21 cm
|
| 500 |
|
|
|a Vydáno ve spolupráci se Státním ústavem památkové péče a ochrany přírody v Praze a Krajským střediskem státní památkové péče a ochrany přírody Východočeského kraje v Pardubicích
|
| 500 |
|
|
|a 8000 výt.
|
| 504 |
|
|
|a Obsahuje bibliografii
|
| 500 |
|
|
|a Dostupné též v digitální podobě v aplikaci Kramerius
|
| 610 |
2 |
7 |
|a Nové Město nad Metují (zámek)
|7 kn20031014002
|2 czenas
|
| 650 |
0 |
7 |
|a kulturní památky
|7 ph115033
|2 czenas
|
| 650 |
0 |
7 |
|a městské památkové rezervace
|7 ph123105
|2 czenas
|
| 650 |
0 |
7 |
|a zámky
|7 ph127734
|2 czenas
|
| 651 |
|
7 |
|a Nové Město nad Metují (Česko)
|7 ge130228
|2 czenas
|
| 655 |
|
7 |
|a průvodce
|7 fd133154
|2 czenas
|
| 856 |
4 |
1 |
|u http://www.digitalniknihovna.cz/mzk/uuid/uuid:520cd220-da45-11e7-bbbb-005056827e51
|y Digitalizovaný dokument
|x NDK
|
| 910 |
|
|
|a BOA001
|b X-0470.840
|b PK-0029.666
|
| 920 |
|
|
|a 000065491
|
| 928 |
9 |
|
|a STN
|
| 928 |
9 |
|
|a Státní ústav památkové péče a ochrany přírody v Praze
|
| 928 |
9 |
|
|a Krajské středisko státní památkové péče a ochrany přírody Východočeského kraje v Pardubicích
|
| 990 |
|
|
|a BK
|
| 996 |
6 |
|
|b 2619943519
|c X-0470.840
|l MZK
|r Sklad / do 24 hodin
|n 1
|w 000194841
|u 000010
|a 1
|e BOA001
|j MZK50
|s P
|
| 996 |
7 |
|
|b 3119961580
|c PK-0029.666
|l MZK
|r Sklad / do 1 hodiny
|n 8
|w 000194841
|u 000020
|a 1
|e BOA001
|j MZK50
|s A
|